[Event "42nd POL-ch (w)"]
[Site "Konin POL"]
[Date "1990.03.??"]
[Round "12"]
[White "Lissowska, Anna"]
[Black "Sikora-Gizynska, Bozena"]
[Result "0-1"]
[WhiteElo "2220"]
[BlackElo "2230"]
[EventDate "1990.03.13"]
[PlyCount "164"]

1.d4 Nf6 2.c4 e6 3.Nc3 d5 4.cxd5 exd5 5.Bg5 Be7 6.e3 Nbd7 7.Qc2 c6 8.Bd3 
Nh5 9.Bxe7 Qxe7 10.Nge2 g6 11.O-O O-O 12.Rae1 Ndf6 13.h3 Bd7 14.a3 Rfe8 
15.b4 a5 16.Rb1 axb4 17.axb4 b5 18.Nc1 Ra3 19.Rb2 Ne4 20.Nb3 Ng5 21.Nd1 
Nxh3+ 22.gxh3 Qg5+ 23.Kh2 Qh4 24.f4 Qg3+ 25.Kh1 Qxh3+ 26.Kg1 Ng3 27.Qg2 
Nxf1 28.Qxh3 Bxh3 29.Bxf1 Bg4 30.Nf2 Rxe3 31.Nxg4 Raxb3 32.Rxb3 Rxb3 33.
Ne5 Rc3 34.Kf2 f6 35.Nd3 Rc4 36.Ke3 Kg7 37.Bh3 f5 38.Bf1 Rc3 39.Kd2 Rc4 
40.Ke3 Rc3 41.Kd2 Ra3 42.Ne5 Ra6 43.Ke3 Kf6 44.Kf3 h6 45.Bd3 Kg7 46.Ke3 h5
47.Kf3 h4 48.Bf1 Ra3+ 49.Kg2 Rc3 50.Nd3 Kf6 51.Kh3 g5 52.Be2 gxf4 53.Kxh4 
f3 54.Bf1 Rc4 55.Kg3 Rxd4 56.Kxf3 Re4 57.Kf2 Kg5 58.Kf3 f4 59.Kf2 Re3 60.
Nc5 Kf5 61.Be2 Rh3 62.Bf3 Rh4 63.Nd7 Ke6 64.Nb8 Kd6 65.Na6 Ke5 66.Nb8 Rh2+
67.Kg1 Rh6 68.Kf2 Kd4 69.Bg4 Ke4 70.Bd7 f3 71.Bxc6 Rh2+ 72.Kg1 Rg2+ 73.Kf1
Rb2 74.Na6 Ke3 75.Kg1 Rb1+ 76.Kh2 f2 77.Bxb5 f1=Q 78.Bxf1 Rxf1 79.b5 Rb1 
80.Nc7 d4 81.b6 d3 82.Nd5+ Kd4 0-1

[Event "42nd POL-ch (w)"]
[Site "Konin POL"]
[Date "1990.03.??"]
[Round "12"]
[White "Grochot, Czeslawa"]
[Black "Zietek-Czerwonska, Beata"]
[Result "1-0"]
[WhiteElo "2050"]
[BlackElo "2095"]
[EventDate "1990.03.13"]
[PlyCount "80"]

1.e4 c5 2.Nc3 Nc6 3.g3 g6 4.Bg2 Bg7 5.d3 Rb8 6.Be3 d6 7.Qd2 Qa5 8.Nge2 Nd4
9.O-O Nxe2+ 10.Qxe2 Bxc3 11.bxc3 Qxc3 12.Rab1 Nf6 13.Rb3 Qa5 14.Bh6 Qc7 
15.h3 Rg8 16.f4 Nh5 17.Kh2 Ng7 18.Bxg7 Rxg7 19.e5 Rg8 20.Be4 b6 21.Qf3 Be6
22.Ra3 dxe5 23.fxe5 Qxe5 24.Rxa7 Kf8 25.Rb1 Qd6 26.Ra6 Kg7 27.a4 Bc8 28.
Ra7 Qe6 29.Qg2 Rd8 30.c4 Rd7 31.Bd5 Qd6 32.Rxd7 Bxd7 33.Qb2+ Kg8 34.a5 b5 
35.Qa2 e6 36.Be4 b4 37.a6 Bc6 38.a7 Ra8 39.Qa6 Rxa7 40.Qxa7 Be8 1-0

[Event "42nd POL-ch (w)"]
[Site "Konin POL"]
[Date "1990.03.??"]
[Round "12"]
[White "Wiese-Jozwiak, Malgorzata"]
[Black "Dabrowska, Krystyna"]
[Result "0-1"]
[WhiteElo "2225"]
[BlackElo "2160"]
[EventDate "1990.03.13"]
[PlyCount "78"]

1.e4 e5 2.Nf3 Nc6 3.Bb5 g6 4.d4 exd4 5.Bg5 Be7 6.h4 Nf6 7.Bh6 a6 8.Ba4 
Nxe4 9.Nbd2 Nc5 10.Bxc6 dxc6 11.Bg7 Rg8 12.Bxd4 Bg4 13.Be3 Qd5 14.b4 Nd7 
15.c4 Qh5 16.Qb3 O-O-O 17.a4 Ne5 18.Nxe5 Qxe5 19.O-O Bf6 20.Rab1 Bf5 21.
Nf3 Qc3 22.Qxc3 Bxc3 23.Rb3 Bg7 24.Rc1 Rd7 25.b5 cxb5 26.axb5 Rgd8 27.bxa6
bxa6 28.Kh2 Rd1 29.Rxd1 Rxd1 30.Ng5 h5 31.c5 Rb1 32.Rxb1 Bxb1 33.Nxf7 a5 
34.f4 Bb2 35.Ne5 a4 36.Nc4 a3 37.Nxa3 Bxa3 38.Kg3 Kd7 39.Kf3 Bf5 0-1

[Event "42nd POL-ch (w)"]
[Site "Konin POL"]
[Date "1990.03.??"]
[Round "13"]
[White "Swiecik, Iwona"]
[Black "Lissowska, Anna"]
[Result "1-0"]
[WhiteElo "2165"]
[BlackElo "2220"]
[EventDate "1990.03.13"]
[PlyCount "89"]

1.e4 e6 2.d4 d5 3.Nc3 Nf6 4.Bg5 Be7 5.e5 Nfd7 6.Bxe7 Qxe7 7.f4 O-O 8.Nf3 
c5 9.Qd2 Nc6 10.dxc5 Qxc5 11.O-O-O Nb6 12.Bd3 Nc4 13.Bxc4 Qxc4 14.g3 b6 
15.Qd3 Ba6 16.Qxc4 Bxc4 17.Rhe1 Rfc8 18.b3 Ba6 19.Kb2 Rc7 20.Nb1 Rac8 21.
c3 Kf8 22.Re3 Ke7 23.Nd4 Nxd4 24.Rxd4 Bb5 25.Na3 Be8 26.Nc2 f6 27.exf6+ 
Kxf6 28.Rd2 Bg6 29.Nd4 Re7 30.Re5 Be4 31.Re2 a6 32.c4 h6 33.h4 g6 34.g4 
Kf7 35.Re3 Rc5 36.Ne2 b5 37.Nc3 Bh1 38.cxd5 b4 39.dxe6+ Rxe6 40.Rxe6 bxc3+
41.Kc2 Bf3 42.Re7+ Kf8 43.g5 hxg5 44.fxg5 Bg4 45.Re8+ 1-0

[Event "42nd POL-ch (w)"]
[Site "Konin POL"]
[Date "1990.03.??"]
[Round "13"]
[White "Dabrowska, Krystyna"]
[Black "Kaczorowska, Barbara"]
[Result "0-1"]
[WhiteElo "2160"]
[BlackElo "2195"]
[EventDate "1990.03.13"]
[PlyCount "53"]

1.e4 c5 2.Nf3 g6 3.d4 cxd4 4.Nxd4 Bg7 5.Nc3 Nc6 6.Be3 Nf6 7.Bc4 Qa5 8.O-O 
O-O 9.Bb3 d6 10.h3 Bd7 11.Re1 Rae8 12.Qd2 Nxe4 13.Nxc6 Qxc3 14.Qxc3 Nxc3 
15.Na5 Na4 16.Nxb7 Rb8 17.Na5 Bxb2 18.Rad1 Bc3 19.Bd2 Bf6 20.Nc4 Rfc8 21.
Bh6 Nc3 22.Nxd6 exd6 23.Rxd6 Be6 24.Rexe6 fxe6 25.Bxe6+ Kh8 26.Bxc8 Rb1+ 
27.Kh2 0-1

[Event "42nd POL-ch (w)"]
[Site "Konin POL"]
[Date "1990.03.??"]
[Round "13"]
[White "Detko, Joanna"]
[Black "Wiese-Jozwiak, Malgorzata"]
[Result "0-1"]
[WhiteElo "2090"]
[BlackElo "2225"]
[EventDate "1990.03.13"]
[PlyCount "120"]

1.e4 c5 2.Nf3 d6 3.d4 cxd4 4.Nxd4 Nf6 5.Nc3 a6 6.Bg5 e6 7.f4 Qb6 8.Qd2 
Qxb2 9.Rb1 Qa3 10.Rb3 Qa5 11.Be2 Nbd7 12.O-O Nc5 13.Bxf6 gxf6 14.Rbb1 Bd7 
15.f5 h5 16.fxe6 fxe6 17.Nb3 Nxb3 18.Rxb3 Rc8 19.Kh1 Be7 20.Qd3 Qe5 21.Rf3
Bc6 22.Rh3 Kf7 23.Qg3 Qxg3 24.Rxg3 h4 25.Re3 Bf8 26.Bg4 Bh6 27.Rd3 Rcd8 
28.Rb6 Rhg8 29.h3 f5 30.Bf3 f4 31.Ne2 e5 32.Nc3 Bf8 33.Rd1 Rc8 34.Be2 Rg3 
35.Rd3 Rxd3 36.cxd3 Be7 37.Bh5+ Kf6 38.Bg4 Rc7 39.Bd1 Bd8 40.Ba4 Bxa4 41.
Nd5+ Ke6 42.Nxc7+ Bxc7 43.Rxb7 Kd7 44.Rb2 Bb5 45.Rb3 d5 46.Rc3 dxe4 47.
dxe4 Bb6 48.Rb3 Bd4 49.a4 Bxa4 50.Rb7+ Kd6 51.Rh7 Bc6 52.Rxh4 a5 53.Rh6+ 
Kc5 54.h4 a4 55.Rh7 Kb6 56.Rh8 a3 57.Rb8+ Kc7 58.Rb3 a2 59.Ra3 a1=Q+ 60.
Rxa1 Bxa1 0-1

[Event "42nd POL-ch (w)"]
[Site "Konin POL"]
[Date "1990.03.??"]
[Round "13"]
[White "Klusek, Danuta"]
[Black "Leszner-Bakalarz, Liliana"]
[Result "1-0"]
[WhiteElo "2150"]
[BlackElo "2175"]
[EventDate "1990.03.13"]
[PlyCount "79"]

1.e4 c5 2.Nf3 d6 3.d4 cxd4 4.Nxd4 Nf6 5.Nc3 a6 6.Bc4 e6 7.Bb3 Be7 8.O-O 
O-O 9.Re1 Qc7 10.Bg5 Nc6 11.a4 Na5 12.Ba2 Nc4 13.Bxc4 Qxc4 14.Kh1 Re8 15.
f4 e5 16.Nf5 Bxf5 17.exf5 Rac8 18.Bxf6 Bxf6 19.Ne4 Be7 20.fxe5 dxe5 21.c3 
f6 22.Qg4 Red8 23.Rad1 Rxd1 24.Rxd1 Kh8 25.a5 Rd8 26.Re1 Qb3 27.Qe2 Rd5 
28.Qh5 Rd8 29.Qe2 Kg8 30.h3 Rd5 31.Qh5 Rxa5 32.Qe8+ Bf8 33.Nxf6+ gxf6 34.
Re3 Qf7 35.Rg3+ Qg7 36.Rxg7+ Kxg7 37.Qd7+ Kg8 38.Qxb7 Bc5 39.Qc8+ Kg7 40.
Qc7+ 1-0

[Event "42nd POL-ch (w)"]
[Site "Konin POL"]
[Date "1990.03.??"]
[Round "13"]
[White "Majtyka, Bozena"]
[Black "Erenska-Radzewska, Hanna"]
[Result "0-1"]
[WhiteElo "2090"]
[BlackElo "2270"]
[EventDate "1990.03.13"]
[PlyCount "90"]

1.e4 c5 2.b3 d6 3.Bb2 Nf6 4.Nc3 a6 5.Nf3 e5 6.a4 Nc6 7.Bc4 Be7 8.h3 O-O 9.
O-O Rb8 10.Re1 b6 11.Nh2 g6 12.Ng4 Nh5 13.Ne3 Bg5 14.Ned5 Nd4 15.Ne2 Ne6 
16.b4 Bf4 17.g3 Bh6 18.f4 exf4 19.g4 Bg7 20.Bxg7 Nhxg7 21.bxc5 dxc5 22.Rf1
g5 23.Rb1 Qd6 24.d4 cxd4 25.Kg2 Qe5 26.Qd3 Nc5 27.Qxd4 Qxe4+ 28.Qxe4 Nxe4 
29.Rfd1 b5 30.axb5 axb5 31.Ne7+ Kh8 32.Nxc8 Rbxc8 33.Bxb5 Rxc2 34.Bd3 
Rxe2+ 35.Bxe2 Nc3 36.Bc4 Nxb1 37.Rxb1 Ne8 38.Rb8 Kg7 39.Bd3 h6 40.Rb7 Nf6 
41.Bc4 Ne4 42.Rc7 Nd6 43.Bd3 Kf6 44.Rc5 Rc8 45.Ra5 Rc3 0-1

[Event "42nd POL-ch (w)"]
[Site "Konin POL"]
[Date "1990.03.??"]
[Round "13"]
[White "Sikora-Gizynska, Bozena"]
[Black "Fornal, Agnieszka"]
[Result "1/2-1/2"]
[WhiteElo "2230"]
[BlackElo "2170"]
[EventDate "1990.03.13"]
[PlyCount "95"]

1.e4 c6 2.d4 d5 3.Nc3 dxe4 4.Nxe4 Nf6 5.Nxf6+ gxf6 6.c3 Bf5 7.Nf3 Qc7 8.g3
e6 9.Bf4 Bd6 10.Bxd6 Qxd6 11.Bg2 Nd7 12.O-O O-O 13.Nh4 Bg6 14.f4 f5 15.Qb3
Qc7 16.Rfe1 Bh5 17.a4 a5 18.Qc4 Nf6 19.Qc5 Rfd8 20.Qe5 Qxe5 21.fxe5 Nd5 
22.Bxd5 cxd5 23.Ra3 Rd7 24.Kf2 Ra6 25.Ng2 Rc7 26.Nf4 Bg6 27.Rb3 Rac6 28.
Rb5 b6 29.Ra1 Kf8 30.Ra3 Ra7 31.Rab3 Ra6 32.Ra3 Ke7 33.Ra1 Rc4 34.Rb3 Kd7 
35.Ke3 Ke7 36.Kd2 Kd7 37.Rba3 Ra8 38.Rc1 Rac8 39.Ra2 Ke7 40.b3 R4c6 41.Kd3
f6 42.exf6+ Kxf6 43.Re2 Bf7 44.Kd2 Be8 45.Re3 Rd6 46.Nd3 Rc7 47.Rce1 Bf7 
48.Ne5 1/2-1/2

[Event "42nd POL-ch (w)"]
[Site "Konin POL"]
[Date "1990.03.??"]
[Round "13"]
[White "Wierzbicka, Ewa"]
[Black "Grochot, Czeslawa"]
[Result "0-1"]
[WhiteElo "2030"]
[BlackElo "2050"]
[EventDate "1990.03.13"]
[PlyCount "82"]

1.g3 d5 2.Bg2 Nf6 3.d3 e6 4.Nd2 Be7 5.Ngf3 O-O 6.O-O c5 7.e4 Nc6 8.Qe2 Qc7
9.c3 b5 10.Ne1 a5 11.f4 a4 12.f5 dxe4 13.fxe6 Bxe6 14.Nxe4 Rad8 15.Be3 
Nxe4 16.Bxe4 Bd5 17.Bxd5 Rxd5 18.Nc2 Rfd8 19.d4 cxd4 20.Nxd4 Nxd4 21.Bxd4 
Bc5 22.Bxc5 Qxc5+ 23.Qf2 Qc7 24.Rae1 h5 25.Re2 g6 26.Qf6 Rd2 27.Rfe1 Rxe2 
28.Rxe2 Rd1+ 29.Kg2 Qb7+ 30.Kh3 Qd7+ 31.Kg2 Rd2 32.Kf2 Rd5 33.Qe7 Rf5+ 34.
Ke1 Qd5 35.Qe8+ Kg7 36.Qe4 Qxa2 37.Qd4+ Kh7 38.Qd2 Qc4 39.Kd1 Qc6 40.Qe1 
Qc4 41.Qd2 Rd5 0-1

[Event "42nd POL-ch (w)"]
[Site "Konin POL"]
[Date "1990.03.??"]
[Round "13"]
[White "Zietek-Czerwonska, Beata"]
[Black "Jagodzinska, Joanna"]
[Result "1/2-1/2"]
[WhiteElo "2095"]
[BlackElo "2145"]
[EventDate "1990.03.13"]
[PlyCount "42"]

1.e4 c5 2.Nf3 d6 3.d4 cxd4 4.Nxd4 Nf6 5.Nc3 g6 6.Nde2 Bg7 7.g3 O-O 8.Bg2 
Nc6 9.O-O Be6 10.h3 Rc8 11.Be3 Nd7 12.Rc1 Bc4 13.Re1 Bxe2 14.Nxe2 Qa5 15.
Qd5 Qc7 16.c3 Nce5 17.b3 a6 18.Red1 Rfd8 19.Qd2 b5 20.Nf4 Nf6 21.g4 h6 
1/2-1/2

[Event "42nd POL-ch (w)"]
[Site "Konin POL"]
[Date "1990.03.??"]
[Round "14"]
[White "Erenska-Radzewska, Hanna"]
[Black "Sikora-Gizynska, Bozena"]
[Result "1-0"]
[WhiteElo "2270"]
[BlackElo "2230"]
[EventDate "1990.03.13"]
[PlyCount "75"]

1.e4 c5 2.Nf3 Nc6 3.Bb5 e6 4.O-O Nge7 5.b3 Nd4 6.Bd3 Ng6 7.Nxd4 cxd4 8.f4 
Bd6 9.e5 Bc5 10.Ba3 d6 11.Qh5 a6 12.exd6 Bxd6 13.Bxd6 Qxd6 14.Bxg6 fxg6 
15.Qe5 Qd7 16.f5 O-O 17.fxe6 Rxf1+ 18.Kxf1 Qxe6 19.Qxd4 Qf5+ 20.Kg1 Be6 
21.c4 b5 22.Nc3 bxc4 23.bxc4 Rc8 24.d3 Qa5 25.Qe3 Bf7 26.Ne4 Re8 27.Qc5 
Qd8 28.Nd6 Re6 29.Nxf7 Kxf7 30.d4 Kg8 31.d5 Re2 32.Qc6 h6 33.d6 Qh4 34.Rf1
Re4 35.g3 Qg4 36.d7 Rd4 37.Qc8+ Kh7 38.d8=Q 1-0

[Event "42nd POL-ch (w)"]
[Site "Konin POL"]
[Date "1990.03.??"]
[Round "14"]
[White "Fornal, Agnieszka"]
[Black "Swiecik, Iwona"]
[Result "1-0"]
[WhiteElo "2170"]
[BlackElo "2165"]
[EventDate "1990.03.13"]
[PlyCount "75"]

1.d4 g6 2.c4 Bg7 3.Nc3 d6 4.e4 Nd7 5.Be2 e5 6.Nf3 Ne7 7.Bg5 O-O 8.O-O h6 
9.Bxe7 Qxe7 10.Nd5 Qd8 11.dxe5 Nxe5 12.Nxe5 dxe5 13.Qc2 c6 14.Ne3 Be6 15.
c5 Qe7 16.b4 Rfd8 17.Rad1 Rd4 18.Rxd4 exd4 19.Nc4 b5 20.Na5 Qc7 21.f4 f5 
22.e5 g5 23.g3 gxf4 24.gxf4 Qd7 25.a3 Bd5 26.Bf3 Kh8 27.Bxd5 Qxd5 28.Qg2 
Qe4 29.Qxe4 fxe4 30.Nxc6 d3 31.Kf2 Rc8 32.Nxa7 Rf8 33.Ke3 Bxe5 34.Kxe4 d2 
35.Rd1 Bxf4 36.Nxb5 Bg5 37.c6 Rf4+ 38.Kd3 1-0

[Event "42nd POL-ch (w)"]
[Site "Konin POL"]
[Date "1990.03.??"]
[Round "14"]
[White "Leszner-Bakalarz, Liliana"]
[Black "Dabrowska, Krystyna"]
[Result "0-1"]
[WhiteElo "2175"]
[BlackElo "2160"]
[EventDate "1990.03.13"]
[PlyCount "89"]

1.e4 e5 2.d4 exd4 3.Qxd4 Nc6 4.Qe3 Nf6 5.e5 Ng4 6.Qe4 d5 7.exd6+ Be6 8.Ba6
Qc8 9.Qxc6+ bxc6 10.Bxc8 Rxc8 11.dxc7 Bd5 12.Nf3 Bc5 13.O-O Bc4 14.Re1+ 
Kd7 15.Ne5+ Nxe5 16.Rxe5 Rhe8 17.Bf4 Rxe5 18.Bxe5 Re8 19.Bc3 Re2 20.Nd2 
Bxf2+ 21.Kh1 Bd5 22.Rd1 f6 23.Nf3 Kxc7 24.Bd2 Bc5 25.Bf4+ Kc8 26.Ne1 h5 
27.Bg3 g5 28.h4 Bb6 29.b3 Ba5 30.c4 Be4 31.hxg5 fxg5 32.Nf3 h4 33.Bd6 Bd8 
34.Kg1 h3 35.Ne1 hxg2 36.a3 g4 37.b4 Bh4 38.Nd3 Re3 39.Nf4 Rxa3 40.Nxg2 
Bg5 41.Re1 Bf3 42.Bc5 Ra2 43.Ne3 Bf4 44.Rb1 Bh2+ 45.Kf1 0-1

[Event "42nd POL-ch (w)"]
[Site "Konin POL"]
[Date "1990.03.??"]
[Round "14"]
[White "Lissowska, Anna"]
[Black "Klusek, Danuta"]
[Result "1/2-1/2"]
[WhiteElo "2220"]
[BlackElo "2150"]
[EventDate "1990.03.13"]
[PlyCount "73"]

1.d4 d5 2.c4 e6 3.Nc3 Be7 4.Nf3 Nf6 5.cxd5 exd5 6.Bg5 c6 7.Qc2 Na6 8.a3 g6
9.e3 Bf5 10.Qb3 Qb6 11.Qxb6 axb6 12.Be2 O-O 13.Ne5 Rfe8 14.O-O Nc7 15.g4 
Be6 16.Bf4 Rec8 17.Bg3 Nd7 18.Nd3 Ne8 19.Nf4 Nd6 20.f3 Nf8 21.e4 dxe4 22.
fxe4 Bb3 23.d5 Nc4 24.Nd3 cxd5 25.Nxd5 Bd8 26.Rf2 Nd2 27.Nc3 Ne6 28.Nc1 
Bg5 29.Nxb3 Nxb3 30.Raf1 Be3 31.Nd5 Bxf2+ 32.Rxf2 Rc1+ 33.Kg2 Ra5 34.Nf6+ 
Kg7 35.Ne8+ Kg8 36.Nf6+ Kg7 37.Ne8+ 1/2-1/2

[Event "42nd POL-ch (w)"]
[Site "Konin POL"]
[Date "1990.03.??"]
[Round "14"]
[White "Grochot, Czeslawa"]
[Black "Jagodzinska, Joanna"]
[Result "0-1"]
[WhiteElo "2050"]
[BlackElo "2145"]
[EventDate "1990.03.13"]
[PlyCount "57"]

1.e4 c5 2.Nf3 d6 3.d4 cxd4 4.Qxd4 Nc6 5.Bb5 Bd7 6.Bxc6 Bxc6 7.Nc3 e6 8.Bg5
Nf6 9.O-O-O Be7 10.Rhe1 O-O 11.Kb1 Qc7 12.Qd3 Rfe8 13.h3 Rab8 14.Nd4 Nxe4 
15.Bxe7 Nxc3+ 16.Qxc3 Qxe7 17.Re3 Qf6 18.Rg3 Bd5 19.f4 Rbc8 20.Qe3 Rc5 21.
Qf2 Rec8 22.Rd2 Be4 23.Re3 d5 24.g4 a5 25.Rg3 b5 26.Rg1 b4 27.g5 Qd8 28.
Rg3 a4 29.h4 0-1

[Event "42nd POL-ch (w)"]
[Site "Konin POL"]
[Date "1990.03.??"]
[Round "14"]
[White "Wierzbicka, Ewa"]
[Black "Majtyka, Bozena"]
[Result "1-0"]
[WhiteElo "2030"]
[BlackElo "2090"]
[EventDate "1990.03.13"]
[PlyCount "81"]

1.e4 e5 2.Nf3 Nf6 3.Nc3 d6 4.d4 Nbd7 5.Bc4 Be7 6.Bb3 O-O 7.O-O exd4 8.Qxd4
Nc5 9.Bc4 Be6 10.Rd1 Bxc4 11.Qxc4 Qc8 12.Be3 Qe6 13.Qxe6 Nxe6 14.h3 Rfe8 
15.Nd4 Bf8 16.Ncb5 Nxd4 17.Bxd4 Re7 18.f3 Ne8 19.Rd3 c6 20.Nc3 Rd7 21.Rad1
Be7 22.Kf2 Rdd8 23.f4 f6 24.Kf3 Kf7 25.Bf2 g6 26.Ne2 Ng7 27.c4 f5 28.Nc3 
a6 29.Bb6 Re8 30.g4 fxg4+ 31.hxg4 h5 32.Bc7 hxg4+ 33.Kxg4 b5 34.cxb5 axb5 
35.a3 Bf6 36.Bxd6 Bxc3 37.Rxc3 Rxe4 38.Rxc6 Rc4 39.Rxc4 bxc4 40.Be5 Kg8 
41.Kg5 1-0

[Event "42nd POL-ch (w)"]
[Site "Konin POL"]
[Date "1990.03.??"]
[Round "14"]
[White "Wiese-Jozwiak, Malgorzata"]
[Black "Zietek-Czerwonska, Beata"]
[Result "1/2-1/2"]
[WhiteElo "2225"]
[BlackElo "2095"]
[EventDate "1990.03.13"]
[PlyCount "50"]

1.e4 c5 2.Nf3 Nc6 3.Bb5 g6 4.O-O Bg7 5.Re1 Nf6 6.e5 Nd5 7.Nc3 Nc7 8.Bxc6 
bxc6 9.d4 cxd4 10.Qxd4 d5 11.Be3 Ne6 12.Qa4 Bd7 13.Qh4 Qb8 14.Rab1 Qc7 15.
Bh6 Bc8 16.b4 O-O 17.Ne2 a5 18.Nf4 Nxf4 19.Bxf4 Qd8 20.Bh6 axb4 21.Rxb4 
Rxa2 22.e6 f6 23.Rb3 Qa5 24.Bd2 Qa4 25.Qxa4 Rxa4 1/2-1/2

[Event "42nd POL-ch (w)"]
[Site "Konin POL"]
[Date "1990.03.??"]
[Round "15"]
[White "Swiecik, Iwona"]
[Black "Erenska-Radzewska, Hanna"]
[Result "0-1"]
[WhiteElo "2165"]
[BlackElo "2270"]
[EventDate "1990.03.13"]
[PlyCount "105"]

1.e4 c5 2.Nf3 d6 3.d4 cxd4 4.Nxd4 Nf6 5.Nc3 Nc6 6.Be2 e5 7.Nf3 h6 8.O-O 
Be7 9.Re1 O-O 10.h3 Nb8 11.Bf1 Be6 12.Nd5 Nxd5 13.exd5 Bd7 14.c4 f5 15.b3 
Na6 16.Bb2 Rc8 17.Rc1 b6 18.a3 Nc5 19.b4 Ne4 20.Qb3 Kh7 21.Bd3 Nf6 22.Bb1 
Nh5 23.c5 bxc5 24.bxc5 e4 25.cxd6 Bxd6 26.Ne5 Rxc1 27.Rxc1 Nf4 28.Re1 Bc8 
29.Qg3 g5 30.Qc3 Qf6 31.Nc4 Qxc3 32.Bxc3 Nxd5 33.Bd4 Bb8 34.g4 Nf4 35.gxf5
Nxh3+ 36.Kg2 Nf4+ 37.Kh1 Bxf5 38.Bxe4 Bxe4+ 39.Rxe4 Kg6 40.Re7 Rc8 41.Ne5+
Kf5 42.Nf3 a6 43.Re1 Bd6 44.Bg7 Kg6 45.Bd4 Bxa3 46.Ne5+ Kf5 47.Nf7 Bf8 48.
Ra1 Ra8 49.Ra5+ Ke4 50.Be3 Nd5 51.Ra4+ Kf5 52.Ra5 Ke6 53.Bd4 0-1

[Event "42nd POL-ch (w)"]
[Site "Konin POL"]
[Date "1990.03.??"]
[Round "15"]
[White "Detko, Joanna"]
[Black "Leszner-Bakalarz, Liliana"]
[Result "0-1"]
[WhiteElo "2090"]
[BlackElo "2175"]
[EventDate "1990.03.13"]
[PlyCount "124"]

1.d4 Nf6 2.Nc3 d5 3.g3 g6 4.Bg2 Bg7 5.Bg5 c6 6.Bxf6 Bxf6 7.e3 O-O 8.Nf3 
Nd7 9.e4 dxe4 10.Nxe4 Bg7 11.O-O Qb6 12.Rb1 e5 13.d5 cxd5 14.Qxd5 Qc7 15.
c3 Nb6 16.Qd6 Qxd6 17.Nxd6 Be6 18.b3 Bd5 19.c4 Rfd8 20.c5 Nc8 21.Rbd1 Bc6 
22.Nc4 Re8 23.Rfe1 e4 24.Nd4 f5 25.Nxc6 bxc6 26.a3 Ne7 27.f3 Nd5 28.fxe4 
Nc3 29.Rd6 fxe4 30.Rxc6 Bd4+ 31.Kh1 Bf2 32.Rc1 e3 33.Nxe3 Rxe3 34.Rf6 Rf8 
35.Rxf8+ Kxf8 36.c6 Ke7 37.Bh3 Kd6 38.Kg2 Be1 39.Bd7 Kc7 40.b4 h5 41.Kf1 
Bd2 42.Rc2 Re1+ 43.Kg2 Re2+ 44.Kf3 Rxh2 45.Bh3 g5 46.Bg2 g4+ 47.Kf2 Nd1+ 
48.Ke2 Rxg2+ 49.Kxd1 Rg1+ 50.Ke2 Rxg3 51.b5 Bb4 52.Rc1 Rxa3 53.Rf1 Kb6 54.
Rf5 Rh3 55.Rg5 Bd6 56.Kf2 Rh2+ 57.Kg1 g3 58.Kf1 h4 59.Kg1 h3 60.Rh5 Bf4 
61.Rh7 Be3+ 62.Kf1 g2+ 0-1

[Event "42nd POL-ch (w)"]
[Site "Konin POL"]
[Date "1990.03.??"]
[Round "15"]
[White "Jagodzinska, Joanna"]
[Black "Wiese-Jozwiak, Malgorzata"]
[Result "0-1"]
[WhiteElo "2145"]
[BlackElo "2225"]
[EventDate "1990.03.13"]
[PlyCount "64"]

1.e4 c5 2.Nf3 d6 3.d4 cxd4 4.Nxd4 Nf6 5.Nc3 a6 6.Be2 e5 7.Nb3 Be7 8.Bg5 
Be6 9.Bxf6 Bxf6 10.Nd5 Nd7 11.O-O O-O 12.Qd3 Bg5 13.Rad1 Rc8 14.c3 b5 15.
Ne3 Bxe3 16.Qxe3 Nb6 17.Nc1 Qc7 18.Qg3 d5 19.exd5 Bxd5 20.Bd3 f5 21.Bc2 
Kh8 22.Rfe1 Rce8 23.f3 Bb7 24.Nd3 Nc4 25.Kh1 f4 26.Qh4 e4 27.Nf2 Ne3 28.
Rxe3 fxe3 29.Nxe4 Bxe4 30.Bxe4 e2 31.Re1 Rxe4 32.fxe4 Rf1+ 0-1

[Event "42nd POL-ch (w)"]
[Site "Konin POL"]
[Date "1990.03.??"]
[Round "15"]
[White "Klusek, Danuta"]
[Black "Fornal, Agnieszka"]
[Result "1/2-1/2"]
[WhiteElo "2150"]
[BlackElo "2170"]
[EventDate "1990.03.13"]
[PlyCount "64"]

1.e4 c6 2.d4 d5 3.exd5 cxd5 4.c4 Nf6 5.Nc3 e6 6.Nf3 Be7 7.cxd5 Nxd5 8.Bd3 
Nc6 9.O-O Ncb4 10.Bb1 Nf6 11.Re1 O-O 12.Bg5 Nbd5 13.a3 b6 14.Qd3 g6 15.Ne5
Bb7 16.Ba2 Rc8 17.Rac1 Re8 18.Qh3 Nxc3 19.bxc3 Bd5 20.c4 Ba8 21.Rcd1 Qc7 
22.Bb1 Bd8 23.Re3 Nh5 24.Bh6 Bf6 25.Ng4 Bg7 26.Bxg7 Kxg7 27.Re5 f5 28.Ne3 
Nf4 29.Qh4 Ne2+ 30.Kf1 Nc3 31.Rc1 Nxb1 32.Rxb1 Qe7 1/2-1/2

[Event "42nd POL-ch (w)"]
[Site "Konin POL"]
[Date "1990.03.??"]
[Round "15"]
[White "Majtyka, Bozena"]
[Black "Grochot, Czeslawa"]
[Result "1-0"]
[WhiteElo "2090"]
[BlackElo "2050"]
[EventDate "1990.03.13"]
[PlyCount "67"]

1.e4 c5 2.Nf3 e6 3.d4 cxd4 4.Nxd4 Nc6 5.Nb5 d6 6.c4 Nf6 7.N1c3 a6 8.Na3 b6
9.b3 Bb7 10.Bb2 Be7 11.Be2 Nb8 12.f3 Nbd7 13.O-O O-O 14.Kh1 Qc7 15.Nc2 
Rac8 16.Rc1 Qb8 17.Qd2 Bd8 18.Qe3 Qa8 19.Rfd1 Bc7 20.Qg5 Qb8 21.f4 h6 22.
Qg3 Rfe8 23.Bf3 g6 24.Re1 Nc5 25.Rcd1 d5 26.Qh4 Nfxe4 27.Nxe4 Nxe4 28.Bxe4
dxe4 29.Qf6 e5 30.Rd7 Rf8 31.Rxc7 Rce8 32.Bxe5 Rxe5 33.Qxe5 Re8 34.Rxb7 
1-0

[Event "42nd POL-ch (w)"]
[Site "Konin POL"]
[Date "1990.03.??"]
[Round "15"]
[White "Zietek-Czerwonska, Beata"]
[Black "Kaczorowska, Barbara"]
[Result "0-1"]
[WhiteElo "2095"]
[BlackElo "2195"]
[EventDate "1990.03.13"]
[PlyCount "98"]

1.Nf3 g6 2.e4 c5 3.d4 cxd4 4.Qxd4 Nf6 5.e5 Nc6 6.Qc3 e6 7.a3 Nd5 8.Qb3 Bg7
9.c4 Nde7 10.Bf4 O-O 11.Nc3 a6 12.Qc2 Qc7 13.Qe4 b6 14.Bd3 Bb7 15.Qe2 f6 
16.exf6 Qxf4 17.fxg7 Kxg7 18.Be4 d5 19.cxd5 exd5 20.Bd3 Rae8 21.O-O Nf5 
22.Nxd5 Qd6 23.Ne3 Ncd4 24.Nxd4 Nxd4 25.Qd1 Bf3 26.Qa4 Bxg2 27.Kxg2 Nf3 
28.Bf5 Rxe3 29.fxe3 Qxh2+ 30.Kxf3 Rxf5+ 31.Ke4 Qg2+ 32.Kd3 Rxf1 33.Qd4+ 
Rf6 34.Rc1 Qb7 35.Rf1 Qe7 36.e4 Qd6 37.Qxd6 Rxd6+ 38.Kc4 h5 39.e5 Rd2 40.
b4 h4 41.e6 g5 42.Rf5 Kg6 43.Re5 Rd8 44.e7 Re8 45.Kd5 h3 46.Ke6 h2 47.Re1 
g4 48.Kd7 Rxe7+ 49.Kxe7 g3 0-1